<?xml version='1.0' encoding='UTF-8'?>
  <record xmlns="http://www.loc.gov/MARC21/slim">
    <leader>00000cam a2200000 i 4500</leader>
    <controlfield tag="001">ocm64205901</controlfield>
    <controlfield tag="003">OCoLC</controlfield>
    <controlfield tag="005">20250622110949.9</controlfield>
    <controlfield tag="008">851127s1809    ne            000 0 fre d</controlfield>
    <datafield tag="040" ind1=" " ind2=" ">
      <subfield code="a">NLGGC</subfield>
      <subfield code="b">dut</subfield>
      <subfield code="e">fobidrtb</subfield>
      <subfield code="c">NLGGC</subfield>
      <subfield code="d">OCLCO</subfield>
      <subfield code="d">OCLCL</subfield>
      <subfield code="d">QGJ</subfield>
      <subfield code="d">OCLCQ</subfield>
    </datafield>
    <datafield tag="029" ind1="0" ind2=" ">
      <subfield code="a">NLGGC</subfield>
      <subfield code="b">853557314</subfield>
    </datafield>
    <datafield tag="035" ind1=" " ind2=" ">
      <subfield code="a">(OCoLC)64205901</subfield>
    </datafield>
    <datafield tag="041" ind1="1" ind2=" ">
      <subfield code="a">fre</subfield>
      <subfield code="h">dut</subfield>
    </datafield>
    <datafield tag="100" ind1="1" ind2=" ">
      <subfield code="a">Maaskamp, E.</subfield>
      <subfield code="q">(Evert),</subfield>
      <subfield code="d">1769-1834</subfield>
      <subfield code="1">https://id.oclc.org/worldcat/entity/E39PBJgmR9XpVMm4tBqDHG67pP</subfield>
    </datafield>
    <datafield tag="245" ind1="1" ind2="0">
      <subfield code="a">Déscription succinte du royaume de Hollande, propre à servir d'itinéraire :</subfield>
      <subfield code="b">contenant de qu'il-y-a de remarquable dans chaque ville et ses environs, avec l'indication des grandes-routes, qui y conduisent. Cette déscription est précéd́ée d'une revue exacte de tout le royaume, dans laquelle est fait mention de sa situation, de son étendue, de san constitution, de ses forces de terre et de mer, de ses fabriques et usines, de son commerce, de l'état de ses sociétés Sc̦avantes et autres, du culte, de la langue, du système monétaire; avec des renseignemens historiques et geographiques &amp;c. On a ajouté à cette déscription une nouvelle carte du royaume (sur laquelle se trouvent exactement indiquées les grandes routes par tous les départements), un plan de la capitale et une nouvelle échelle itinéraire du royaume et des pays adjacens, avec l'indication de distance réciproque de toutes les villes. /</subfield>
      <subfield code="c">Traduit du Hollandais, avec des additions et notes du traducteur.</subfield>
    </datafield>
    <datafield tag="260" ind1=" " ind2=" ">
      <subfield code="a">ã Amsterdam :</subfield>
      <subfield code="b">chez E. Maaskamp,</subfield>
      <subfield code="c">[1809]</subfield>
    </datafield>
    <datafield tag="300" ind1=" " ind2=" ">
      <subfield code="a">120 p. :</subfield>
      <subfield code="b">krt., plattegr., portr. ;</subfield>
      <subfield code="c">22 cm.</subfield>
    </datafield>
    <datafield tag="336" ind1=" " ind2=" ">
      <subfield code="a">tekst</subfield>
      <subfield code="b">txt</subfield>
      <subfield code="2">rdacontent/dut</subfield>
    </datafield>
    <datafield tag="337" ind1=" " ind2=" ">
      <subfield code="a">zonder medium</subfield>
      <subfield code="b">n</subfield>
      <subfield code="2">rdamedia/dut</subfield>
    </datafield>
    <datafield tag="338" ind1=" " ind2=" ">
      <subfield code="a">band</subfield>
      <subfield code="b">nc</subfield>
      <subfield code="2">rdacarrier/dut</subfield>
    </datafield>
    <datafield tag="500" ind1=" " ind2=" ">
      <subfield code="a">De auteur is Evert Maaskamp.</subfield>
    </datafield>
    <datafield tag="510" ind1="4" ind2=" ">
      <subfield code="a">Saakes 5 (1809),</subfield>
      <subfield code="c">p. 87</subfield>
    </datafield>
    <datafield tag="510" ind1="4" ind2=" ">
      <subfield code="a">Tiele,</subfield>
      <subfield code="c">blz. 159</subfield>
    </datafield>
    <datafield tag="530" ind1=" " ind2=" ">
      <subfield code="a">Titel is gedigitaliseerd voor de Koninklijke Bibliotheek in het kader van het Google Books-project.</subfield>
    </datafield>
    <datafield tag="651" ind1=" " ind2="0">
      <subfield code="a">Netherlands</subfield>
      <subfield code="v">Guidebooks.</subfield>
    </datafield>
    <datafield tag="651" ind1=" " ind2="6">
      <subfield code="a">Pays-Bas</subfield>
      <subfield code="v">Guides.</subfield>
    </datafield>
    <datafield tag="651" ind1=" " ind2="7">
      <subfield code="a">Netherlands</subfield>
      <subfield code="2">fast</subfield>
      <subfield code="1">https://id.oclc.org/worldcat/entity/E39PBJk4D96j3YTHJQfHCV3vpP</subfield>
    </datafield>
    <datafield tag="655" ind1=" " ind2="7">
      <subfield code="a">Guidebooks</subfield>
      <subfield code="2">fast</subfield>
    </datafield>
    <datafield tag="710" ind1="0" ind2=" ">
      <subfield code="a">Maaskamp, Evert (Amsterdam)</subfield>
      <subfield code="4">prt</subfield>
      <subfield code="0">(NL-LeOCL)077139445</subfield>
    </datafield>
    <datafield tag="758" ind1=" " ind2=" ">
      <subfield code="a">Déscription succinte du royaume de Hollande, propre à servir d'itinéraire (Text)</subfield>
      <subfield code="1">https://id.oclc.org/worldcat/entity/E39PCGHHGQj8tGR8vGFQMCJggC</subfield>
      <subfield code="4">https://id.oclc.org/worldcat/ontology/hasWork</subfield>
    </datafield>
    <datafield tag="765" ind1="0" ind2="8">
      <subfield code="i">Vert. van:</subfield>
      <subfield code="t">Nieuwe reiziger door het Koningrijk Holland</subfield>
    </datafield>
    <datafield tag="776" ind1="0" ind2=" ">
      <subfield code="t">Déscription succinte du Royaume de Hollande, propre à servir d'itinéraire</subfield>
      <subfield code="w">(NL-LeOCL)399212051</subfield>
    </datafield>
    <datafield tag="936" ind1=" " ind2=" ">
      <subfield code="a">BATCHLOAD</subfield>
    </datafield>
  </record>